Simposio "Toledo Judaico" (Record no. 187221)

MARC details
000 -LEADER
campo de control de longitud fija 00987nam a2200241 i 4500
001 - NÚMERO DE CONTROL
campo de control 187221
003 - IDENTIFICADOR DE NÚMERO DE CONTROL
campo de control SpMaBN
005 - FECHA Y HORA DE LA ÚLTIMA TRANSACCIÓN
campo de control 20230906222840.0
008 - DATOS DE LONGITUD FIJA--INFORMACIÓN GENERAL
campo de control de longitud fija 170509s1973 sp e |||| |dspa d
080 ## - NÚMERO DE LA CLASIFICACIÓN DECIMAL UNIVERSAL
Número de la Clasificación Decimal Universal 9(=924:464.2)(063)
111 2# - ENTRADA PRINCIPAL--NOMBRE DE CONGRESO/REUNIÓN
Nombre de congreso/reunión o jurisdicción como elemento de entrada Simposio Medieval (
Número del congreso/reunión o número de parte o sección 2º.
Fecha del congreso o de la firma del tratado 1972.
Sede del congreso/Lugar de la reunión Toledo)
9 (RLIN) 162585
245 10 - MENCIÓN DEL TÍTULO
Título Simposio "Toledo Judaico"
Resto del título : (Toledo 20-22 abril 1972) /
Mención de responsabilidad, etc. Centro Universitario de Toledo ; [Francisco Cantera Burgos ... (et al.)].
246 38 - FORMA VARIANTE DEL TITULO
Título propio/Titulo breve Toledo Judaico
260 ## - PUBLICACIÓN, DISTRIBUCIÓN, ETC.
Lugar de publicación, distribución, etc. [Toledo] :
Nombre del editor, distribuidor, etc. Publicaciones del Centro Universitario de Toledo, Universidad Complutense,
Fecha de publicación, distribución, etc. [1973]
300 ## - DESCRIPCIÓN FÍSICA
Extensión 2 v. :
Otras características físicas planos ;
Dimensiones 20 cm.
490 1# - MENCIÓN DE SERIE
Mención de serie Toledo universitario ;
Designación de volumen o secuencia 5-6
650 #7 - PUNTO DE ACCESO ADICIONAL DE MATERIA--TÉRMINO DE MATERIA
Término de materia o nombre geográfico como elemento de entrada Judíos-
Subdivisión geográfica Toledo-
Subdivisión de forma Congresos y asambleas.
9 (RLIN) 162587
700 1# - ENTRADA AGREGADA--NOMBRE PERSONAL
Nombre de persona Cantera Burgos, Francisco.
9 (RLIN) 34642
710 2# - ENTRADA AGREGADA--NOMBRE DE ENTIDAD CORPORATIVA
Nombre de entidad corporativa o nombre de jurisdicción como elemento de entrada Universidad Complutense de Madrid.
Unidad subordinada Centro Universitario de Toledo.
9 (RLIN) 162578
830 0# - PUNTO DE ACCESO ADICIONAL DE SERIE-TÍTULO UNIFORME
Título uniforme Toledo universitario ;
Designación de volumen o secuencia 5-6
9 (RLIN) 185581
852 ## - LOCALIZACIÓN
Ubicación ES-MaACL
Número de control de estantería L-31566-67
Holdings
Estatus retirado Estado de pérdida Estado de daño No para préstamo Biblioteca de origen Biblioteca actual Ubicación en estantería Fecha de adquisición Fuente de adquisición Total de préstamos Signatura topográfica completa Código de barras Visto por última vez Precio de reemplazo Tipo de ítem Koha
        Biblioteca del Ateneo de Madrid Biblioteca del Ateneo de Madrid Depósito 2 09/05/2017     L-31566-67 1197558 23/02/2023 23/02/2023 Libro impreso